Innovation as a part of product policy

Uložené v:
Podrobná bibliografia
Hlavný autor: Karkalíková, Marta
Ďalší autori: Lacková, Alica, Knošková, Ľubica, 1965-
Médium: Kapitola
Jazyk:English
Tagy: Pridať tag
Žiadne tagy, Buďte prvý, kto otaguje tento záznam!

MARC

LEADER 00000naa$a2200000$$$4500
001 0063387
005 20240502083151.8
041 0 |a eng 
044 |a PL 
245 1 0 |a Innovation as a part of product policy  |c Marta Karkalíková, Alica Lacková, Ľubica Knošková 
100 1 |a Karkalíková, Marta 
700 1 |a Lacková, Alica 
700 1 |a Knošková, Ľubica, 1965-